000
00200 a2200097 4500
001
2830
100
_a
Gray
245
_a
Poetry and prose with essay
260
_a
_b
Clarendon
_c
090
_c
2125
_d
2125
942
_a
NUST-CAE
_c
M
_c
12503
999
_c
237903
_d
237903